| 000 | 00581nam a2200205Ia 4500 | ||
|---|---|---|---|
| 003 | GCL | ||
| 008 | 140319s9999 xx 000 0 ara d | ||
| 040 |
_aGCL / _cGCL |
||
| 082 | 0 | 4 |
_a820 _bم ش |
| 100 | 1 | _aتوفيق صايغ | |
| 245 | 1 | 0 |
_aالشعر و التجربة / _cتوفيق صايغ |
| 700 | 1 | _aمكلبيش , ارشيبالد | |
| 700 | 1 | _aسلمى الخضراء الجيوسى | |
| 300 | _a236 ص | ||
| 490 | _a | ||
| 650 | 0 | 4 | _aالادب الامريكى |
| 650 | 0 | 4 | _aالادب العالمى |
| 650 | 0 | 4 | _aالشعر الامريكى |
| 942 |
_2ddc _cBK |
||
| 999 |
_c40514 _d40514 |
||